Normal view
MARC view
- Papaj, Robert Burleson, Donald
Entry Personal Name
001 - CONTROL NUMBER
- control field: 76207
003 - CONTROL NUMBER IDENTIFIER
- control field: NUST
005 - DATE AND TIME OF LATEST TRANSACTION
- control field: 20210628205611.0
008 - FIXED-LENGTH DATA ELEMENTS
- fixed length control field: 210628|| aca||aabn | a|a d
040 ## - CATALOGING SOURCE
- Original cataloging agency: NUST
- Transcribing agency: NUST
100 ## - HEADING--PERSONAL NAME
- Personal name: Papaj, Robert Burleson, Donald
670 ## - SOURCE DATA FOUND
- Source citation: Work cat.: (NUST): Papaj, Robert Burleson, Donald, Oracle databases on the web, 1997
